LEADER 01165nam a2200253 i 4500 001 000000043054 003 CaOOAMICUS 005 20090731000000.0 008 090731s1971 gw u000 u ger u 013 $a14224 040 $aSeMil$bita 100 1 $aDrey, Johann Sebastian,$d<1777-1853>.$0(OLS)http://semarc/name/21371 245 10$aRevision von Kirche und Theologie :$bdrei Aufsätze /$cJohann Sebastian Drey ; herausgegeben und eingeleitet von Franz Schupp. 260 $aDarmstadt :$bWissenschaftliche Buchgesellschaft,$c1971. 300 $aXVI, 97 p. ;$c19 cm. 490 0 $aLibelli ;$v312 500 $aRipr. fotostatica delle Drei Aufsätze dell'autore. 650 4$aEcclesiologia.$0(OLS)http://semarc/subject/42996 700 1 $aSchupp, Franz <1936->.$0(OLS)http://semarc/name/16764 830 0$aLibelli ;$v312.$0(OLS)http://semarc/title/28480 850 $aSeMil 852 $aSeMil$W1$xVenegono$y1$m2B I 330$j9209$B9209$CSeMilBibl$Z2$F9209 $81 996 $6245$aRevision von Kirche und Theologie :$bdrei Aufsätze$9(OLS)http://semarc/title/63078 996 $6260$aDarmstadt :$bWissenschaftliche Buchgesellschaft$9(OLS)http://semarc/publisher/32002 LEADER 00934nam a2200265 i 4500 001 000000192893 003 CaOOAMICUS 005 20150909000000.0 008 150909s1941 it u000 u ita u 013 $a171531 040 $aSeMil$bita 245 10$aCredo. 300 $a157 p. :$bill. 500 $aSchede non rilegate raccolte in custodia. - Fondo card. Giovanni Colombo. 700 0 $aPius X,$c.$0(OLS)http://semarc/name/4807 773 0 $tCatechismo di Pio 10..$dTorino : Ufficio Catechistico Centrale Salesiano, stampa 1941.$gParte1$w()32522 850 $aSeMil 852 $aSeMil$W1$xVenegono$y1$m3GC I 471/1$j143467$B143467$CSeMilBibl$Z2$F154926 $8B 900 0 $aPio X$c. 900 1 $aSarto, Giuseppe Melchiorre. 941 1 $a3 961 $aLascito: Colombo Card. Giovanni 996 $6245$aCredo$9(OLS)http://semarc/title/15067